000 01043nam a22002657a 4500
005 20090724135734.0
008 090608t xxu||||| |||| 00| j hin d
010 _aHIN-93395
020 _a9788182569706
_c15.00
035 _aHN-65741
037 _bDBAD / PUB
040 _aDPL
_bHN
082 _a239
100 _91372
_aशंगारी, टी.आर.
245 _aसुखमनी /
_cटी.आर. शंगारी
260 _aपंजाब
_bराधास्वामी सत्संग ब्यास
_c2011
270 _aडेरा बाबा जैमल सिंह
_bपंजाब
_e143204
300 _a312पृ.
_c22सेमी (अजिल्द)
650 _91169
650 _930030
700 _929841
942 _2ddc
_cHN
_mशंगारी
_h239
999 _c54335
_d54335